Normal view MARC view

Entry Personal Name

Number of records used in: 1

001 - CONTROL NUMBER

  • control field: 388339

003 - CONTROL NUMBER IDENTIFIER

  • control field: OSt

005 - DATE AND TIME OF LATEST TRANSACTION

  • control field: 20220927114255.0

008 - FIXED-LENGTH DATA ELEMENTS

  • fixed length control field: 220927|| aca||aabn | a|a d

040 ## - CATALOGING SOURCE

  • Original cataloging agency: OSt
  • Transcribing agency: OSt

100 ## - HEADING--PERSONAL NAME

  • Personal name: UPADHYA Carol

670 ## - SOURCE DATA FOUND

  • Source citation: Work cat.: (OSt)704200: UPADHYA Carol, Social and cultural strategies of class formation in coastal Andhra Pradesh, 1997
Copyright @ Delhi University Library System